00385nam a2200133Ia 4500082001900000100001700019245004600036260004100082300001500123504001900138650002900157650004200186650002300228 a338.0954 SHA-E aSharma, R.A; 0aEntrepreneurial change in Indian industry aNew DelhibSterling Publishersc1980 axvi, 264p. aIncludes index aEntrepreneurship - India aIndustries - Economic aspects - India aCapitalism - India